000
00400nam a2200145Ia 4500
008
100122s9999 xx 000 0 und d
082
_b
37701
_a
823
100
_a
साठे शंकर
245
_a
सुगंधा
260
_b
विद्यार्थी प्रकाशन
_c
1905
300
_a
163
630
_a
सुगंधा
730
_a
सुगंधा
942
_c
BOOK
999
_c
420063
_d
420060